Transfert Record Olympique de Marseille - Statistiques

Statistiques générales
  • Ce quiz a été pris 763 fois
  • Le résultat moyen est 21 sur 30
Statistiques - réponses
Arrivée De Année Joueur % Correct
29,3M West Ham 2016 Dimitri Payet
99%
15M West Ham 2015 Dimitri Payet
99%
32M Braga 2022 Vitinha
94%
38,5M Chelsea 2004 Didier Drogba
86%
25M Rome 2018 Kevin Strootman
85%
20,5M Flamengo 2021 Gerson
84%
15M Flamengo 2022 Gerson
84%
17M Sheffield United 2023 Iliman Ndiaye
83%
13M Nantes 2019 Valentin Rongier
83%
13M Watford 2023 Ismaila Sarr
80%
30M Bayern 2007 Franck Ribéry
76%
16M Toulouse 2010 André Pierre Gignac
73%
14M Boca Juniors 2019 Dario Benedetto
73%
12M Milan 1992 Jean Pierre Papin
73%
18,35M Newcastle 2015 Florian Thauvin
72%
13M Atletico 2023 Renan Lodi
72%
39M Chelsea 2016 Michy Batshuayi
68%
15M Fenerbahce 2023 Cengiz Under
67%
15M Seville 2019 Lucas Ocampos
66%
13M Rome 2022 Jordan Veretout
65%
19M Salzbourg 2018 Duje Caleta Car
63%
16M Arsenal 2008 Samir Nasri
61%
13M Monaco 2016 Benjamin Mendy
54%
24,85M Fulham 2018 Franck Anguissa
54%
15M Benfica 2017 Konstantinos Mitroglou
53%
19M Porto 2009 Lucho Gonzalez
53%
15,8M Aston Villa 2020 Morgan Sanson
51%
20M Porto 2015 Giannelli Imbula
40%
15,5M Nice 2010 Loic Remy
31%
11M Tottenham 2016 Georges Kevin N'Koudou
30%
Aucun quiz correspondant
Distribution des résultats
% des personnes avec chaque résultat
Percentile par nombre de réponses
Votre historique - résultats
Vous n’avez pas pris ce quiz